000 00262nam a2200109Ia 4500
008 220214s9999 xx 000 0 und d
100 _aRanganatha Sastry KN
245 0 _aFeatures of watershed
260 _bPlant Hortitech
_c2000
300 _a43-49
942 _cRE
999 _c45773
_d45773